000 01194nam a2200325 i 4500
003 DO-SdBNP
005 20250204085132.0
007 ta
008 230328b1967 sp ||||| |||| 00| 0 spa d
040 _aDO-SdBNP
_bspa
_cBNPHU
_erda
041 _aspa
082 4 _a863.3
_bC419i 1967-
_222
100 1 _aCervantes Saavedra, Miguel de,
_d1547-1616
_eautor
_4aut.
_93070
240 1 0 _aDon Quijote de la Mancha.
_lEspañol
245 1 3 _aEl ingenioso hidalgo Don Quijote de la Mancha /
_cMiguel de Cervantes Saavedra ; edición, prólogo y notas Francisco Rodríguez Marín.
250 _anovena edición
264 1 _aMadrid :
_bEspasa-Calpe,
_c1967-
300 _avolúmenes ;
_c19 cm.
336 _atexto
_btxt
_2rdacontent
337 _asin mediación
_bn
_2rdamedia
338 _avolumen
_bnc
_2rdacarrier
490 0 _aClásicos castellanos
500 _aIncluye referencias bibliográficas y notas al pie de las páginas
590 _aInventariado, 2023/BT
650 4 _aNovela española
_91123
650 4 _aLiteratura española
_9632
700 1 _aRodríguez Marín, Francisco,
_eedición y prólogo
_915860
910 _aBtavárez/Validado. Control de calidad MFF
942 _2ddc
_cLBS1
999 _c53176
_d53176